The Angry Island : (Record no. 610575)

MARC details
000 -LEADER
fixed length control field 00488nam a2200193 a 4500
008 - FIXED-LENGTH DATA ELEMENTS--GENERAL INFORMATION
fixed length control field 260205s2006##################000#0#eng##
020 ## - INTERNATIONAL STANDARD BOOK NUMBER
ISBN 9780753820964
082 04 - DEWEY DECIMAL CLASSIFICATION NUMBER
Classification number 305.821
Item number GIL
100 1# - MAIN ENTRY--AUTHOR NAME
Personal name Gill, A. A.,
245 10 - TITLE STATEMENT
Title The Angry Island :
260 ## - PUBLICATION, DISTRIBUTION, ETC. (IMPRINT)
Name of publisher Weidenfeld & Nicolson,
Year of publication 2006.
300 ## - PHYSICAL DESCRIPTION
Number of Pages 237 pages
650 #0 - SUBJECT ADDED ENTRY--TOPICAL TERM
Topical Term England.
942 ## - ADDED ENTRY ELEMENTS (KOHA)
Koha item type English Books
Holdings
Withdrawn status Lost status Damaged status Not for loan Home library Current library Shelving location Date acquired Full call number Accession Number Price effective from Koha item type
        Anna Centenary Library Anna Centenary Library 3RD FLOOR, B WING 05.02.2026 305.821 GIL 507971 05.02.2026 English Books

Find us on the map